MARC

LEADER 00000nam0a2200000 4500
001 262171
005 20231031221924.0
035 |a (RuTPU)RU\TPU\book\285153 
090 |a 262171 
100 |a 20140530d1988 k y0rusy50 ca 
101 0 |a rus 
102 |a RU 
105 |a a z 001zy 
200 1 |a Персональные ЭВМ в организационном управлении  |f А. Ф. Иоффе 
210 |a Москва  |c Наука  |d 1988 
215 |a 208 с.  |c ил. 
225 1 |a Экономико-математическая библиотека 
320 |a Библиогр.: с. 203-207. 
606 1 |a Организация управления  |2 stltpush  |3 (RuTPU)RU\TPU\subj\47297 
610 1 |a персональные ЭВМ 
610 1 |a информационные технологии 
610 1 |a информация 
610 1 |a обработка 
610 1 |a ввод-вывод 
610 1 |a принятие решений 
675 |a 651.01  |v 3 
700 1 |a Иоффе  |b А. Ф.  |g Анатолий Федорович 
801 1 |a RU  |b 63413507  |c 20140530 
801 2 |a RU  |b 63413507  |c 20211229  |g RCR 
942 |c BK